000 00836cam a22002651 4500
001 33234
003 BD-RjUL
005 20211209051954.0
008 140430s1959 nyuabc b 000 0 eng
035 _a(BD-RjUL)33325
040 _aDLC
_cDLC
_dBD-RjUL
_beng
041 _aeng
082 0 0 _a301
_bYOS 1959
100 1 _a Young, Kimball,
_9100920
245 1 0 _aSociology & social life /
_cRaymond W. Mack and Kimball Young.
260 _aNew York :
_bAmerican Book Co. ,
_c1959
300 _axii, 472 p. :
_billus., maps, ports. ;
_c24 cm.
500 _aAuthors' names appear in reverse order in previous editions.
504 _aIncludes bibliographies.
650 0 _aSociology.
_9100921
700 1 _aMack, Raymond W.
_d1893-1972
_ejoint author.
_9100581
942 _2ddc
_cBK
999 _c33234
_d33234